<?xml version="1.0" encoding="UTF-8"?>
<collection xmlns="http://www.loc.gov/MARC21/slim">
    <record>
        <controlfield tag="001">56080</controlfield>
        <controlfield tag="005">20200221144343.0</controlfield>
        <datafield tag="024" ind1="7" ind2=" ">
            <subfield code="2">doi</subfield>
            <subfield code="a">10.3390/app6070186</subfield>
        </datafield>
        <datafield tag="024" ind1="8" ind2=" ">
            <subfield code="2">sideral</subfield>
            <subfield code="a">95100</subfield>
        </datafield>
        <datafield tag="037" ind1=" " ind2=" ">
            <subfield code="a">ART-2016-95100</subfield>
        </datafield>
        <datafield tag="041" ind1=" " ind2=" ">
            <subfield code="a">eng</subfield>
        </datafield>
        <datafield tag="100" ind1=" " ind2=" ">
            <subfield code="0">(orcid)0000-0002-6305-9283</subfield>
            <subfield code="a">Manzano, Sara</subfield>
        </datafield>
        <datafield tag="245" ind1=" " ind2=" ">
            <subfield code="a">Altered Mechano-Electrochemical Behavior of Articular Cartilage in Populations with Obesity</subfield>
        </datafield>
        <datafield tag="260" ind1=" " ind2=" ">
            <subfield code="c">2016</subfield>
        </datafield>
        <datafield tag="506" ind1="0" ind2=" ">
            <subfield code="a">Access copy available to the general public</subfield>
            <subfield code="f">Unrestricted</subfield>
        </datafield>
        <datafield tag="520" ind1="3" ind2=" ">
            <subfield code="a">Obesity, one of the major problems in modern society, adversely affects people’s health and increases the risk of suffering degeneration in supportive tissues such as cartilage, which loses its ability to support and distribute loads. However, no specific research regarding obesity-associated alterations in the mechano-electrochemical cartilage environment has been developed. Such studies could help us to understand the first signs of cartilage degeneration when body weight increases and to establish preventive treatments to avoid cartilage deterioration. In this work, a previous mechano-electrochemical computational model has been further developed and employed to analyze and quantify the effects of obesity on the articular cartilage of the femoral hip. A comparison between the obtained results of the healthy and osteoarthritic cartilage has been made. It shows that behavioral patterns of cartilage, such as ion fluxes and cation distribution, have considerable similarities with those obtained for the early stages of osteoarthritis. Thus, an increment in the outgoing ion fluxes is produced, resulting in lower cation concentrations in all the cartilage layers. These results suggest that people with obesity, i.e. a body mass index greater than 30 kg/m2, should undergo preventive treatments for osteoarthritis to avoid homeostatic alterations and, subsequent, tissue deterioration.</subfield>
        </datafield>
        <datafield tag="536" ind1=" " ind2=" ">
            <subfield code="9">info:eu-repo/grantAgreement/ES/MEC/FPU-AP2010-2557</subfield>
            <subfield code="9">info:eu-repo/grantAgreement/ES/MINECO/MAT2013-46467-C4-3-R</subfield>
        </datafield>
        <datafield tag="540" ind1=" " ind2=" ">
            <subfield code="9">info:eu-repo/semantics/openAccess</subfield>
            <subfield code="a">by</subfield>
            <subfield code="u">http://creativecommons.org/licenses/by/3.0/es/</subfield>
        </datafield>
        <datafield tag="590" ind1=" " ind2=" ">
            <subfield code="a">1.679</subfield>
            <subfield code="b">2016</subfield>
        </datafield>
        <datafield tag="591" ind1=" " ind2=" ">
            <subfield code="a">MATERIALS SCIENCE, MULTIDISCIPLINARY</subfield>
            <subfield code="b">150 / 275 = 0.545</subfield>
            <subfield code="c">2016</subfield>
            <subfield code="d">Q3</subfield>
            <subfield code="e">T2</subfield>
        </datafield>
        <datafield tag="591" ind1=" " ind2=" ">
            <subfield code="a">CHEMISTRY, MULTIDISCIPLINARY</subfield>
            <subfield code="b">91 / 166 = 0.548</subfield>
            <subfield code="c">2016</subfield>
            <subfield code="d">Q3</subfield>
            <subfield code="e">T2</subfield>
        </datafield>
        <datafield tag="591" ind1=" " ind2=" ">
            <subfield code="a">PHYSICS, APPLIED</subfield>
            <subfield code="b">75 / 147 = 0.51</subfield>
            <subfield code="c">2016</subfield>
            <subfield code="d">Q3</subfield>
            <subfield code="e">T2</subfield>
        </datafield>
        <datafield tag="592" ind1=" " ind2=" ">
            <subfield code="a">0.315</subfield>
            <subfield code="b">2016</subfield>
        </datafield>
        <datafield tag="593" ind1=" " ind2=" ">
            <subfield code="a">Fluid Flow and Transfer Processes</subfield>
            <subfield code="c">2016</subfield>
            <subfield code="d">Q2</subfield>
        </datafield>
        <datafield tag="593" ind1=" " ind2=" ">
            <subfield code="a">Materials Science (miscellaneous)</subfield>
            <subfield code="c">2016</subfield>
            <subfield code="d">Q2</subfield>
        </datafield>
        <datafield tag="593" ind1=" " ind2=" ">
            <subfield code="a">Engineering (miscellaneous)</subfield>
            <subfield code="c">2016</subfield>
            <subfield code="d">Q2</subfield>
        </datafield>
        <datafield tag="593" ind1=" " ind2=" ">
            <subfield code="a">Process Chemistry and Technology</subfield>
            <subfield code="c">2016</subfield>
            <subfield code="d">Q3</subfield>
        </datafield>
        <datafield tag="593" ind1=" " ind2=" ">
            <subfield code="a">Instrumentation</subfield>
            <subfield code="c">2016</subfield>
            <subfield code="d">Q3</subfield>
        </datafield>
        <datafield tag="593" ind1=" " ind2=" ">
            <subfield code="a">Computer Science Applications</subfield>
            <subfield code="c">2016</subfield>
            <subfield code="d">Q3</subfield>
        </datafield>
        <datafield tag="655" ind1=" " ind2="4">
            <subfield code="a">info:eu-repo/semantics/article</subfield>
            <subfield code="v">info:eu-repo/semantics/publishedVersion</subfield>
        </datafield>
        <datafield tag="700" ind1=" " ind2=" ">
            <subfield code="0">(orcid)0000-0001-8741-6452</subfield>
            <subfield code="a">Doblare, Manuel</subfield>
            <subfield code="u">Universidad de Zaragoza</subfield>
        </datafield>
        <datafield tag="700" ind1=" " ind2=" ">
            <subfield code="0">(orcid)0000-0003-0088-7222</subfield>
            <subfield code="a">Hamdy Doweidar, Mohamed</subfield>
            <subfield code="u">Universidad de Zaragoza</subfield>
        </datafield>
        <datafield tag="710" ind1="2" ind2=" ">
            <subfield code="1">5004</subfield>
            <subfield code="2">605</subfield>
            <subfield code="a">Universidad de Zaragoza</subfield>
            <subfield code="b">Dpto. Ingeniería Mecánica</subfield>
            <subfield code="c">Área Mec.Med.Cont. y Teor.Est.</subfield>
        </datafield>
        <datafield tag="773" ind1=" " ind2=" ">
            <subfield code="g">6, 7 (2016), 6070186 [13p]</subfield>
            <subfield code="p">Appl. sci.</subfield>
            <subfield code="t">Applied Sciences (Switzerland)</subfield>
            <subfield code="x">2076-3417</subfield>
        </datafield>
        <datafield tag="856" ind1="4" ind2=" ">
            <subfield code="s">2505707</subfield>
            <subfield code="u">http://zaguan.unizar.es/record/56080/files/texto_completo.pdf</subfield>
            <subfield code="y">Versión publicada</subfield>
        </datafield>
        <datafield tag="856" ind1="4" ind2=" ">
            <subfield code="s">107602</subfield>
            <subfield code="u">http://zaguan.unizar.es/record/56080/files/texto_completo.jpg?subformat=icon</subfield>
            <subfield code="x">icon</subfield>
            <subfield code="y">Versión publicada</subfield>
        </datafield>
        <datafield tag="909" ind1="C" ind2="O">
            <subfield code="o">oai:zaguan.unizar.es:56080</subfield>
            <subfield code="p">articulos</subfield>
            <subfield code="p">driver</subfield>
        </datafield>
        <datafield tag="951" ind1=" " ind2=" ">
            <subfield code="a">2020-02-21-13:51:25</subfield>
        </datafield>
        <datafield tag="980" ind1=" " ind2=" ">
            <subfield code="a">ARTICLE</subfield>
        </datafield>
    </record>

    
</collection>